<?xml version="1.0" encoding="UTF-8"?>
<record
    xmlns:xsi="http://www.w3.org/2001/XMLSchema-instance"
    xsi:schemaLocation="http://www.loc.gov/MARC21/slim http://www.loc.gov/standards/marcxml/schema/MARC21slim.xsd"
    xmlns="http://www.loc.gov/MARC21/slim">

  <leader>02665nam a22002774a 4500</leader>
  <controlfield tag="003">BOLpUSFA</controlfield>
  <controlfield tag="005">20260407144139.0</controlfield>
  <controlfield tag="008">      t        bo     grm    001 | spa||</controlfield>
  <datafield tag="040" ind1=" " ind2=" ">
    <subfield code="a">BOLpUSFA</subfield>
  </datafield>
  <datafield tag="041" ind1=" " ind2=" ">
    <subfield code="a">spa</subfield>
  </datafield>
  <datafield tag="044" ind1=" " ind2=" ">
    <subfield code="a">BO</subfield>
  </datafield>
  <datafield tag="082" ind1=" " ind2=" ">
    <subfield code="a">ICO0048</subfield>
    <subfield code="b">Z12aPG</subfield>
  </datafield>
  <datafield tag="100" ind1=" " ind2=" ">
    <subfield code="a">Zabaleta Huaycho, Marleni </subfield>
  </datafield>
  <datafield tag="245" ind1=" " ind2=" ">
    <subfield code="a">An&#xE1;lisis de factibilidad para la creaci&#xF3;n de una Microempresa que se dedica a la elaboraci&#xF3;n de desayunos saludables en el Distrito 1 de El Alto</subfield>
  </datafield>
  <datafield tag="260" ind1=" " ind2=" ">
    <subfield code="a">El Alto: </subfield>
    <subfield code="b">Universidad Privada San Francisco de As&#xED;s. Carrera de Ingenier&#xED;a Comercial, </subfield>
    <subfield code="c">2025 </subfield>
  </datafield>
  <datafield tag="300" ind1=" " ind2=" ">
    <subfield code="a">221 p.</subfield>
  </datafield>
  <datafield tag="502" ind1=" " ind2=" ">
    <subfield code="a">Modalidad: Proyecto de Grado - 
Tutora: Lic. Melody Mariel Vicente Canaviri</subfield>
  </datafield>
  <datafield tag="520" ind1=" " ind2=" ">
    <subfield code="a">El  presente  proyecto  tiene  como  prop&#xF3;sito  analizar  la  factibilidad  para  la 
creaci&#xF3;n  de  una  microempresa  dedicada  a  la  elaboraci&#xF3;n  y  comercializaci&#xF3;n  de 
desayunos saludables en el Distrito 1 de la ciudad de El Alto, Bolivia. Esta iniciativa 
surge  ante  la  necesidad  de  ofrecer  alternativas  nutritivas  y  accesibles  para  la 
poblaci&#xF3;n,  contribuyendo  a  la  mejora  de  los  h&#xE1;bitos  alimenticios  y  al  bienestar 
general de los consumidores. 

La  propuesta  consiste  en  establecer  una  microempresa  que  elabore  y 
distribuya  desayunos  saludables  a  base  de  cereales  andinos,  frutas  naturales  y 
bebidas energ&#xE9;ticas artesanales. El p&#xFA;blico objetivo est&#xE1; compuesto principalmente 
por adultos j&#xF3;venes, trabajadores y estudiantes del Distrito 1, quienes demandan 
alimentos r&#xE1;pidos pero nutritivos, adecuados a su ritmo de vida. 

Para el desarrollo del proyecto se contempla un an&#xE1;lisis integral que incluye 
el estudio de mercado, t&#xE9;cnico, organizacional, legal, social y financiero, con el fin 
de evaluar su viabilidad. La metodolog&#xED;a empleada combina t&#xE9;cnicas cuantitativas 
y  cualitativas,  como  encuestas,  entrevistas,  revisi&#xF3;n  documental  y  proyecciones 
econ&#xF3;micas,  que  permitir&#xE1;n  determinar  la  aceptaci&#xF3;n  del  producto,  los  costos 
asociados y la rentabilidad esperada. 

Este  an&#xE1;lisis  pretende  no  solo  comprobar  la  viabilidad  econ&#xF3;mica  del 
emprendimiento,  sino  tambi&#xE9;n  evidenciar  su  impacto  social  positivo  y  su 
contribuci&#xF3;n  al  desarrollo  econ&#xF3;mico  local.  Una  vez  completado  el  estudio,  se 
formular&#xE1;n recomendaciones para su implementaci&#xF3;n, en caso de resultar factible. 
   
</subfield>
  </datafield>
  <datafield tag="650" ind1=" " ind2=" ">
    <subfield code="a">Ingenier&#xED;a Comercial</subfield>
  </datafield>
  <datafield tag="650" ind1=" " ind2=" ">
    <subfield code="a">Proyecto de Grado</subfield>
  </datafield>
  <datafield tag="650" ind1=" " ind2=" ">
    <subfield code="a">An&#xE1;lisis de factibilidad</subfield>
  </datafield>
  <datafield tag="650" ind1=" " ind2=" ">
    <subfield code="a">Alimentos</subfield>
  </datafield>
  <datafield tag="650" ind1=" " ind2=" ">
    <subfield code="a">Desayunos saludables</subfield>
  </datafield>
  <datafield tag="651" ind1=" " ind2=" ">
    <subfield code="a">El Alto</subfield>
  </datafield>
  <datafield tag="942" ind1=" " ind2=" ">
    <subfield code="2">ddc</subfield>
    <subfield code="c">TE</subfield>
    <subfield code="z">LLO</subfield>
  </datafield>
  <datafield tag="999" ind1=" " ind2=" ">
    <subfield code="c">9684</subfield>
    <subfield code="d">9684</subfield>
  </datafield>
  <datafield tag="952" ind1=" " ind2=" ">
    <subfield code="0">0</subfield>
    <subfield code="1">0</subfield>
    <subfield code="2">ddc</subfield>
    <subfield code="4">0</subfield>
    <subfield code="7">0</subfield>
    <subfield code="8">2</subfield>
    <subfield code="a">BEA</subfield>
    <subfield code="b">BEA</subfield>
    <subfield code="c">3</subfield>
    <subfield code="d">2026-03-25</subfield>
    <subfield code="e">4</subfield>
    <subfield code="l">0</subfield>
    <subfield code="o">ICO0048 Z12aPG</subfield>
    <subfield code="p">BEA01532</subfield>
    <subfield code="r">2026-03-25</subfield>
    <subfield code="w">2026-03-25</subfield>
    <subfield code="y">TE</subfield>
  </datafield>
</record>
